书目信息 |
| 题名: |
贾思勰 王祯评传
|
|
| 作者: | 郭文韬 , 严火其 著 | |
| 分册: | ||
| 出版信息: | 南京 南京大学出版社 2011.4 |
|
| 页数: | 307页 | |
| 开本: | 23cm | |
| 丛书名: | 中国思想家评传丛书 | |
| 单 册: | ||
| 中图分类: | K826.3 | |
| 科图分类: | ||
| 主题词: | ||
| 电子资源: | ||
| ISBN: | 978-7-305-05999-5 | |
| 000 | 00893oam2 2200301 45 | |
| 001 | 516 | |
| 005 | 20120604085337.48 | |
| 010 | @a978-7-305-05999-5@dCNY40.00 | |
| 100 | @a20120328d2011 em y0chiy50 ea | |
| 101 | 0 | @achi@deng@eeng |
| 102 | @aCN@b320000 | |
| 105 | @ay z 001yc | |
| 106 | @ar | |
| 200 | 1 | @a贾思勰 王祯评传@AJia Si Xie Wang Zhen Ping Chuan@f郭文韬,严火其著@FGuo Wen Tao, Yan Huo Qi Zhu |
| 210 | @a南京@c南京大学出版社@d2011.4 | |
| 215 | @a307页@d23cm | |
| 225 | 2 | @a中国思想家评传丛书@e典藏版 |
| 330 | @a本书分别对贾思勰和王祯的生平、著作进行了介绍。 | |
| 461 | 0 | @12001 @a中国思想家评传丛书 |
| 600 | 0 | @a贾思勰@x评传 |
| 600 | 0 | @a王祯@x评传 |
| 600 | 0 | @a贾思勰 |
| 600 | 0 | @a王祯 |
| 690 | @aK826.3@v4 | |
| 701 | 0 | @a郭文韬@AGuo Wen Tao@4著 |
| 701 | 0 | @a严火其@AYan Huo Qi@4著 |
| 801 | 0 | @aCN@bTSTCL@c20120328 |
| 905 | @b0810775-79@dK826.3@e71@f5 | |
| 贾思勰 王祯评传/郭文韬,严火其著.-南京:南京大学出版社,2011.4 |
| 307页;23cm.-(中国思想家评传丛书:典藏版) |
| ISBN 978-7-305-05999-5:CNY40.00 |
| 本书分别对贾思勰和王祯的生平、著作进行了介绍。 |
| ● |
| 相关链接 |
|
|
|
|
正题名:贾思勰 王祯评传
索取号:K826.3/71
 
预约/预借
| 序号 | 登录号 | 条形码 | 馆藏地/架位号 | 状态 | 备注 |
| 1 | 0810775 | 208107751 | 第二样本阅览室/ [索取号:K826.3/71] | 在馆 | |
| 2 | 0810776 | 208107760 | 第二借阅区/ [索取号:K826.3/71] | 在馆 | |
| 3 | 0810777 | 208107779 | 第二借阅区/ [索取号:K826.3/71] | 在馆 | |
| 4 | 0810778 | 208107788 | 第二借阅区/ [索取号:K826.3/71] | 在馆 | |
| 5 | 0810779 | 208107797 | 第二借阅区/ [索取号:K826.3/71] | 在馆 |